Daily Capital City Riddle #151 - Statistics

General Stats
  • This quiz has been taken 30 times
  • The average score is 32 of 36
Answer Stats
Type Answer % Correct
Alphabet Letter E
100%
Found Letter N
100%
Found Letter O
100%
Found Letter S
100%
Correctly Placed Letter A
96%
Found Letter A
96%
Alphabet Letter D
96%
Alphabet Letter H
96%
Found Letter I
96%
Correctly Placed Letter N
96%
Alphabet Letter T
96%
Alphabet Letter W
96%
Alphabet Letter B
92%
Alphabet Letter G
92%
Alphabet Letter L
92%
Found Letter M
92%
Found Letter R
92%
Alphabet Letter K
88%
Correctly Placed Letter S
88%
Alphabet Letter V
88%
Alphabet Letter C
84%
Alphabet Letter J
84%
Correctly Placed Letter O
84%
Alphabet Letter P
84%
Alphabet Letter U
84%
Alphabet Letter Y
84%
Correctly Placed Letter A
80%
Correctly Placed Letter N
80%
Alphabet Letter F
76%
Correctly Placed Letter I
76%
Alphabet Letter Q
76%
Correctly Placed Letter R
76%
Alphabet Letter X
76%
Alphabet Letter Z
76%
Correctly Placed Letter M
72%
Mystery Capital San Marino
72%
No matching quizzes found
Score Distribution
Percent of People with Each Score
Percentile by Number Answered
Your Score History
You have not taken this quiz